书目信息 |
| 题名: |
法国深度游Follow Me
|
|
| 作者: | ;亲历者编辑部 编著 | |
| 分册: | ||
| 出版信息: | 北京 中国铁道出版社 2013.05 |
|
| 页数: | 238页 | |
| 开本: | 21cm | |
| 丛书名: | 旅游书架 | |
| 单 册: | ||
| 中图分类: | K956.59 | |
| 科图分类: | ||
| 主题词: | 旅游指南--法国 , 旅游指南 | |
| 电子资源: | ||
| ISBN: | 978-7-113-16133-0 | |
| 000 | 00956oam2 2200301 450 | |
| 001 | 010050028807 | |
| 005 | 20140610164733.51 | |
| 010 | @a978-7-113-16133-0@dCNY39.80 | |
| 100 | @a20130514d2013 em y0chiy0110 ea | |
| 101 | 0 | @achi |
| 102 | @aCN@b110000 | |
| 105 | @aak z 000yy | |
| 106 | @ar | |
| 200 | 1 | @a法国深度游Follow Me@9fa guo shen du you Follow Me@f《亲历者》编辑部编著 |
| 210 | @a北京@c中国铁道出版社@d2013.05 | |
| 215 | @a238页@c图,折图@d21cm | |
| 225 | 2 | @a旅游书架 |
| 225 | 2 | @a亲历者 |
| 330 | @a本书以亲历者的视角讲述了法国热门旅游景点,系统地搜罗了法国著名旅游圈,让你全方位地了解法国各个著名城市的独特的文化,更深入地体验法国。 | |
| 333 | @a旅游爱好者 | |
| 461 | 0 | @12001 @a旅游书架 |
| 461 | 0 | @12001 @a亲历者 |
| 606 | 0 | @a旅游指南@y法国 |
| 606 | 0 | @a旅游指南 |
| 690 | @aK956.59@v5 | |
| 711 | 02 | @a亲历者编辑部@9qin li zhe bian ji bu@4编著 |
| 801 | 0 | @aCN@b人天书店@c20130514 |
| 905 | @b845347-49@dK956.59@e272@f3 | |
| 法国深度游Follow Me/《亲历者》编辑部编著.-北京:中国铁道出版社,2013.05 |
| 238页:图,折图;21cm.-(旅游书架).-(亲历者) |
| 使用对象:旅游爱好者 |
| ISBN 978-7-113-16133-0:CNY39.80 |
| 本书以亲历者的视角讲述了法国热门旅游景点,系统地搜罗了法国著名旅游圈,让你全方位地了解法国各个著名城市的独特的文化,更深入地体验法国。 |
| ● |
| 相关链接 |
|
|
|
|
正题名:法国深度游Follow Me
索取号:K956.59/272
 
预约/预借
| 序号 | 登录号 | 条形码 | 馆藏地/架位号 | 状态 | 备注 |
| 1 | 845347 | 208453476 | 第二样本阅览室/ [索取号:K956.59/272] | 在馆 | |
| 2 | 845348 | 208453485 | 第二借阅区/ [索取号:K956.59/272] | 在馆 | |
| 3 | 845349 | 208453494 | 第二借阅区/ [索取号:K956.59/272] | 在馆 |